Neuropsychological perspectives on learning disabilities in the era of RTI : (Record no. 23067)
[ view plain ]
| 000 -LEADER | |
|---|---|
| fixed length control field | 00724nam a2200205 a 4500 |
| 005 - DATE AND TIME OF LATEST TRANSACTION | |
| control field | 20140310183440.0 |
| 008 - FIXED-LENGTH DATA ELEMENTS--GENERAL INFORMATION | |
| fixed length control field | 080508s19uu xx 00 eng d |
| 020 ## - INTERNATIONAL STANDARD BOOK NUMBER | |
| International Standard Book Number | 9780470225271 |
| 050 ## - LIBRARY OF CONGRESS CALL NUMBER | |
| Classification number | RJ 496.L4 |
| Item number | .N484 2008 |
| 245 ## - TITLE STATEMENT | |
| Title | Neuropsychological perspectives on learning disabilities in the era of RTI : |
| Remainder of title | recommendations for diagnosis and intervention / |
| Statement of responsibility, etc | edited by Elaine Janzen-Fletcher. |
| 260 ## - PUBLICATION, DISTRIBUTION, ETC. (IMPRINT) | |
| Place of publication, distribution, etc | New Jersey : |
| Name of publisher, distributor, etc | John Wiley & Sons, Inc, |
| Date of publication, distribution, etc | 2008. |
| 300 ## - PHYSICAL DESCRIPTION | |
| Extent | 325 p. : |
| Dimensions | 23 cm. |
| 521 ## - TARGET AUDIENCE NOTE | |
| Target audience note | |
| 650 ## - SUBJECT ADDED ENTRY--TOPICAL TERM | |
| Topical term or geographic name as entry element | Learning disabilities |
| General subdivision | Diagnosis. |
| 650 ## - SUBJECT ADDED ENTRY--TOPICAL TERM | |
| Topical term or geographic name as entry element | Learning disabled children |
| General subdivision | Education. |
| 650 ## - SUBJECT ADDED ENTRY--TOPICAL TERM | |
| Topical term or geographic name as entry element | Remedial teaching. |
| 700 ## - ADDED ENTRY--PERSONAL NAME | |
| Personal name | Reynolds, Cecil R. |
| 942 ## - ADDED ENTRY ELEMENTS (KOHA) | |
| Koha item type | Books |
| Source of classification or shelving scheme | Library of Congress Classification |
| Call number prefix | Foreign |
| Withdrawn status | Lost status | Source of classification or shelving scheme | Damaged status | Home library | Current library | Shelving location | Date acquired | Source of acquisition | Total Checkouts | Full call number | Barcode | Date last seen | Copy number | Price effective from | Koha item type |
|---|---|---|---|---|---|---|---|---|---|---|---|---|---|---|---|
| Library of Congress Classification | College Library | College Library | General Circulation Section | 10/02/2010 | Donation | RJ 496.L4 .N484 2008 | C9344 | 05/15/2018 | 1 | 03/10/2014 | Books |